| 000 | 00623nam a2200205 i 4500 | ||
|---|---|---|---|
| 001 | 26520 | ||
| 003 | ES-MaACL | ||
| 005 | 20250717091856.0 | ||
| 007 | t| | ||
| 008 | 030109s1935 sp a |||| | spa d | ||
| 100 | 1 |
_aArévalo y Carretero, Celso. _922669 |
|
| 245 | 1 | 0 |
_aCompendio de anatomía y fisiología humanas / _cpor Celso Arévalo y Carretero. |
| 250 | _a2ª ed. | ||
| 260 |
_aMadrid : _b[s.n., _c1935] ( _fUnion Poligráfica) |
||
| 300 |
_a307 p. : _bil. ; _c23 cm. |
||
| 650 | 7 |
_aAnatomía humana _2embne _99801 |
|
| 650 | 4 |
_aFisiología humana. _912890 |
|
| 852 |
_aES-MaACL _jE-826 |
||
| 999 |
_c26520 _d26520 |
||